| 000 | 00753nam a2200253Ia 4500 | ||
|---|---|---|---|
| 003 | OSt | ||
| 005 | 20220927110453.0 | ||
| 006 | a|||||r|||| 00| 0 | ||
| 007 | ta | ||
| 008 | 220926b |||||||| |||| 00| 0 eng d | ||
| 024 | _a81159 | ||
| 037 | _cReports | ||
| 040 |
_aRTL _cRTL _beng |
||
| 041 |
_2eng _aeng |
||
| 082 | _a"X91.1-1.N59t4, J9" | ||
| 110 |
_aNational Productivity Council (India) _9378581 |
||
| 245 | 0 |
_aReport _b" Small scale industries in U S A, West Germany Sweeden and Japan" |
|
| 260 |
_aNew _bDelhi The Author India _c1959 |
||
| 300 |
_a443 p _ccm. |
||
| 650 | _aIndustries | ||
| 700 |
_aNational Productivity Council (India) _9378582 |
||
| 942 |
_h"X91.1-1.N59t4, J9" _cCC |
||
| 999 |
_c696878 _d696878 |
||